Statistics for Cities by Greek Spelling #2

Click here to take the quiz!

General Stats

  • This quiz has been taken 223 times
  • The average score is 19 of 30

Answer Stats

Greek English % Correct
ΑθήναAthens
96%
Λος ΆντζελεςLos Angeles
92%
ΠερθPerth
90%
ΡώμηRome
88%
ΣοφίαSofia
88%
ΣιάτλSeattle
83%
Ρίο ΙανέιροRio de Janeiro
81%
ΔελχίDelhi
79%
ΒουκουρέστιBucharest
77%
ΒαλένθιαValencia
75%
ΚαζαμπλάνκαCasablanca
72%
ΒερολίνοBerlin
72%
Σαν ΧουάνSan Juan
71%
ΦοίνιξPhoenix
70%
ΟυέλλινγκτονWellington
69%
ΣιγκαπούρηSingapore
69%
Πόλη του ΚουβέιτKuwait City
64%
ΚίτοQuito
63%
ΑμβούργοHamburg
62%
Αγία ΠετρούποληSaint Petersburg
59%
ΚαράτσιKarachi
56%
ΛυώνLyons
55%
ΜιλγουόκιMilwaukee
55%
ΝτίσελντορφDüsseldorf
50%
ΜπέρμιγχαμBirmingham
44%
ΜασσαλίαMarseilles
39%
ΜόναχοMunich
38%
ΛηντςLeeds
33%
ΧαϊντεραμπάντHyderabad
23%
ΣεντζένShenzhen
23%

Score Distribution

Percentile by Number Answered

Percent of People with Each Score

Your Score History

You have not taken this quiz